000 01143nam0a22002771 4500
001 rc\2596540
005 20201109100918.0
035 _a(NLR Aleph) 006760695
090 _a5841182
_c5841182
100 _a20110914d1929 |||y0rusy50 ca
101 0 _arus
102 _aRU
105 _ay z |||||
200 1 _aБратья-разбойники
_aЦыганы
_aПолтава
_fА. Пушкин
_gРедакция, примеч. и пояснительная статья В. И. Бутаковой
210 _aМосква
_aЛенинград
_cГос. изд-во
_d1929
_eЛенинград
_gтип. Печатный двор
215 _a142, [2] с.
_d17х11 см.
225 1 _aДешевая библиотека классиков. Школьная серия
300 _aОбложка: Д. Б[ажанов]
700 1 _aПушкин
_bА. С.
_cпоэт
_f1799-1837
_gАлександр Сергеевич
_3RU\NLR\AUTH\77386
702 1 _aБутакова
_bВ. И.
_4340
_4080
801 0 _aRU
_bNLR
_gpsbo
801 1 _aRU
_bELAR
_2rusmarc
852 _aNLR
_jПушкин/2-Б-87-33
942 _cBOOK
980 _aNB